| 000 | 00381nam a22001577a 4500 | ||
|---|---|---|---|
| 003 | NUST - PNEC | ||
| 005 | 20170116181157.0 | ||
| 008 | 160115b xxu||||| |||| 00| 0 eng d | ||
| 020 | _a0471009598 | ||
| 040 | _cLIBRARY | ||
| 082 | _a621.38195 MAD | ||
| 100 |
_916067 _aMadren, Thomas W. |
||
| 245 |
_aLocal area network _cThomas. W. Madren |
||
| 650 | _xMIS | ||
| 942 |
_2ddc _cBK |
||
| 999 |
_c71289 _d71289 |
||